000 00959cam a2200277 a 4500
001 000014365
005 20200929163606.0
008 970908s1996 pr ach 000 0 spa d
010 _a97192290
035 _a(DLC) 97192290
035 _a(OCoLC)36222848
040 _aDO-SdBNP
_bspa
_dBNPHU
_dDLC
042 _alccopycat
082 _a320.531
_bF363d
100 1 _aFernández Gonzáles, José,
_d1943-
_932436
245 1 0 _aDel socialismo al fascismo :
_bun español dentro de la revolución cubana, 1980-1996 /
_cJosé Fernández González.
246 1 4 _aCuba :
_bdel socialismo al fascismo
260 _a[Puerto Rico] :
_bFirst Book Publishing,
_c1996.
300 _axxv, 276 p. :
_bil., facsims., retrs. ;
_c23 cm.
500 _aFotos y documentos inéditos.
650 1 _aSocialismo en cuba
_932437
650 1 _aFacismo
_zCuba
_932438
651 1 _aCuba
_xPolítica Y Gobierno, 1959
_932439
910 _aCatalogación por copia/LC
049 _aBNGR
999 _c13957
_d13957